[Event "ch-CZE"]
[Site "Ostrava CZE"]
[Date "2017.05.06"]
[EventDate "2017.04.29"]
[Round "8.20"]
[Result "1/2-1/2"]
[White "Joanna Worek"]
[Black "Tomas Vanek"]
[WhiteElo "2330"]
[BlackElo "2134"]
[PlyCount "76"]

1. e4 c5 2. Nf3 Nc6 3. d4 cxd4 4. Nxd4 Nf6 5. Nc3 e5 6. Ndb5
d6 7. Bg5 a6 8. Na3 Be6 9. Bxf6 Qxf6 10. Nc4 Rb8 11. a4 Qg6
12. Ne3 Be7 13. Be2 h5 14. Bf3 Nd4 15. Ncd5 Bg5 16. c3 Bxe3
17. Nxe3 Nxf3+ 18. Qxf3 Rd8 19. h3 Qh6 20. g3 Qg6 21. c4 Rc8
22. b3 Qg5 23. Rd1 b5 24. axb5 axb5 25. Qe2 Qd8 26. Kf1 bxc4
27. bxc4 Qc7 28. Rc1 Qb7 29. Qf3 Rh6 30. g4 hxg4 31. hxg4
Rxh1+ 32. Qxh1 Qb2 33. Kg2 Qd4 34. Kf3 Kd7 35. Rd1 Qc3 36. Rc1
Qd3 37. Rd1 Qc3 38. Rc1 Qd3 1/2-1/2

[Event "ch-CZE"]
[Site "Ostrava CZE"]
[Date "2017.05.07"]
[EventDate "2017.04.29"]
[Round "9.18"]
[Result "1/2-1/2"]
[White "Vladimir Belunek"]
[Black "Joanna Worek"]
[WhiteElo "2248"]
[BlackElo "2330"]
[PlyCount "70"]

1. d4 c5 2. d5 d6 3. e4 g6 4. Be2 Bg7 5. Nf3 Nf6 6. Nc3 Bg4
7. O-O O-O 8. a4 Na6 9. h3 Bxf3 10. Bxf3 Nc7 11. Bf4 Nd7
12. Qd2 a6 13. Be2 Rb8 14. a5 b5 15. axb6 Rxb6 16. Na4 Rb4
17. c3 Rxe4 18. Bf3 Rxf4 19. Qxf4 Ne5 20. Rfd1 Qb8 21. Be2 e6
22. dxe6 fxe6 23. Qd2 Nd5 24. Bf1 Rf4 25. c4 Rd4 26. Qc2 Nb4
27. Qb3 Nec6 28. Nc3 Qf8 29. Ne2 Be5 30. Rab1 Qf5 31. Nxd4
Nxd4 32. Qe3 Bf4 33. Qc3 Be5 34. Qe3 Bf4 35. Qc3 Be5 1/2-1/2

[Event "European Blitz Championship"]
[Site "Katowice POL"]
[Date "2017.12.15"]
[EventDate "2017.12.15"]
[Round "13.92"]
[Result "1/2-1/2"]
[White "Emili Colls Gelaberto"]
[Black "Joanna Worek"]
[WhiteElo "2093"]
[BlackElo "2292"]
[PlyCount "103"]

1. Nf3 d5 2. d4 Nf6 3. Bf4 e6 4. e3 c5 5. c3 Nc6 6. Bd3 Be7
7. O-O Nh5 8. Be5 Nxe5 9. Nxe5 Nf6 10. Nd2 Qc7 11. Bb5+ Bd7
12. Qa4 a6 13. Ndf3 Rd8 14. Bxd7+ Nxd7 15. Nxd7 Qxd7 16. Qxd7+
Rxd7 17. Ne5 Rc7 18. Rad1 f6 19. Nd3 c4 20. Nf4 Kf7 21. Rfe1
Bd6 22. Nh3 g5 23. f3 b5 24. e4 a5 25. a3 b4 26. axb4 axb4
27. Ra1 dxe4 28. fxe4 bxc3 29. bxc3 Rb8 30. Reb1 Rcb7
31. Rxb7+ Rxb7 32. Ra4 g4 33. e5 fxe5 34. Ng5+ Ke7 35. Rxc4
exd4 36. cxd4 Bf4 37. Ne4 Rb1+ 38. Kf2 Rb2+ 39. Kf1 Bxh2
40. Rc5 Bf4 41. Rh5 h6 42. Nc5 Be3 43. Nd3 Rb1+ 44. Ke2 Bxd4
45. Rxh6 Ra1 46. Nf4 Ra2+ 47. Kd3 e5 48. Nd5+ Kd7 49. Nf6+ Kc6
50. Nxg4+ Kb5 51. Re6 Rxg2 52. Nxe5 1/2-1/2

[Event "European Blitz Championship"]
[Site "Katowice POL"]
[Date "2017.12.15"]
[EventDate "2017.12.15"]
[Round "14.92"]
[Result "1/2-1/2"]
[White "Joanna Worek"]
[Black "Emili Colls Gelaberto"]
[WhiteElo "2292"]
[BlackElo "2093"]
[PlyCount "79"]

1. e4 c6 2. d4 d5 3. e5 Bf5 4. h4 h5 5. Bd3 Bxd3 6. Qxd3 e6
7. Bg5 Qa5+ 8. Nd2 Qa6 9. c4 Bb4 10. Nf3 Qxc4 11. Qxc4 dxc4
12. O-O Nd7 13. Nxc4 Nb6 14. Nxb6 axb6 15. a3 Be7 16. Bxe7
Nxe7 17. Rfd1 O-O 18. g3 Rfd8 19. Rd3 Rd5 20. Rb3 b5 21. Rc1
Nf5 22. Rb4 Rad8 23. Rd1 R8d7 24. Kf1 Kf8 25. Rd2 Ke7 26. b3
g6 27. Ke1 Kd8 28. Kd1 Kc7 29. Kc2 Kb6 30. Kc3 Ka6 31. Kc2 b6
32. a4 bxa4 33. Rxa4+ Ra5 34. Rxa5+ Kxa5 35. Kc3 Kb5 36. Ra2
Ne7 37. Ra8 Nd5+ 38. Kc2 Nb4+ 39. Kc3 Nd5+ 40. Kc2 1/2-1/2

[Event "European Blitz Championship"]
[Site "Katowice POL"]
[Date "2017.12.15"]
[EventDate "2017.12.15"]
[Round "15.88"]
[Result "0-1"]
[White "Joanna Worek"]
[Black "Damian Bednarczyk"]
[WhiteElo "2292"]
[BlackElo "2227"]
[PlyCount "83"]

1. e4 c5 2. Nf3 d6 3. d4 cxd4 4. Nxd4 Nf6 5. Nc3 g6 6. Be2 Bg7
7. O-O O-O 8. h3 Nc6 9. Be3 Bd7 10. Nb3 Rc8 11. Qd2 a6
12. Rad1 Be6 13. Nd4 Ne5 14. Nxe6 fxe6 15. Bd4 Nc4 16. Bxc4
Rxc4 17. Qe3 Qc8 18. e5 dxe5 19. Bxe5 Qc6 20. Rfe1 b5 21. a3
a5 22. Qa7 b4 23. Ne2 Rxc2 24. Nd4 Qc4 25. Nxc2 Qxc2 26. Qxe7
Re8 27. Qa7 Rf8 28. Qxa5 Ne4 29. Rf1 Nxf2 30. Bxg7 Kxg7
31. Qe5+ Kh6 32. Qe3+ Kg7 33. Rd2 Nxh3+ 34. gxh3 Rxf1+
35. Kxf1 Qc4+ 36. Qe2 Qf4+ 37. Qf2 Qc4+ 38. Kg1 Qc1+ 39. Kh2
Qc7+ 40. Qg3 Qc5 41. Re2 Qd4 42. Qe5+ 0-1

[Event "European Blitz Championship"]
[Site "Katowice POL"]
[Date "2017.12.15"]
[EventDate "2017.12.15"]
[Round "16.88"]
[Result "1-0"]
[White "Damian Bednarczyk"]
[Black "Joanna Worek"]
[WhiteElo "2227"]
[BlackElo "2292"]
[PlyCount "71"]

1. Nf3 Nf6 2. d4 e6 3. g3 c5 4. c3 b6 5. Bg2 Bb7 6. O-O Be7
7. Nbd2 O-O 8. Qc2 Na6 9. e4 cxd4 10. Nxd4 Rc8 11. e5 Nd5
12. Ne4 Nc5 13. Rd1 f5 14. Nd6 Bxd6 15. exd6 Nf6 16. Nf3 Be4
17. Qe2 Qe8 18. Bf4 Qh5 19. h3 Bb7 20. Rd4 Nce4 21. Re1 Rc6
22. Ne5 Qxe2 23. Rxe2 Ba6 24. Re1 Nd5 25. Nxc6 dxc6 26. Be5
Nc5 27. c4 Nb4 28. Red1 Nd7 29. a3 Nc2 30. R4d2 Nxa3 31. bxa3
Nxe5 32. d7 Rd8 33. Rd6 Bxc4 34. Bxc6 Nxc6 35. Rxc6 Bd5
36. Rc8 1-0

[Event "European Blitz Championship"]
[Site "Katowice POL"]
[Date "2017.12.15"]
[EventDate "2017.12.15"]
[Round "17.97"]
[Result "1-0"]
[White "Gleb Babanin"]
[Black "Joanna Worek"]
[WhiteElo "2094"]
[BlackElo "2292"]
[PlyCount "63"]

1. e4 c5 2. Nf3 d6 3. d4 cxd4 4. Nxd4 Nf6 5. Nc3 e6 6. Be3 Be7
7. f3 a6 8. Qd2 O-O 9. O-O-O b5 10. g4 b4 11. Na4 Bd7 12. b3
Bxa4 13. bxa4 Qa5 14. Bc4 Qxa4 15. Bb3 Qd7 16. g5 Nh5 17. Qxb4
Rc8 18. Qa4 Qxa4 19. Bxa4 Rc3 20. Kd2 Rc8 21. Rb1 g6 22. Rb7
Bf8 23. Rhb1 e5 24. Ne2 Nc6 25. Bb3 Ne7 26. a4 Ng7 27. Nc3 Ne6
28. Nd5 Nxd5 29. Bxd5 Nc7 30. Rxc7 Rxc7 31. Bxa8 Rc4 32. a5
1-0

[Event "European Blitz Championship"]
[Site "Katowice POL"]
[Date "2017.12.15"]
[EventDate "2017.12.15"]
[Round "18.97"]
[Result "1-0"]
[White "Joanna Worek"]
[Black "Gleb Babanin"]
[WhiteElo "2292"]
[BlackElo "2094"]
[PlyCount "47"]

1. d4 Nf6 2. c4 e6 3. Nf3 d5 4. Nc3 Nbd7 5. Bg5 Bb4 6. e3 c5
7. a3 Bxc3+ 8. bxc3 Qa5 9. Bxf6 Nxf6 10. Qb3 Bd7 11. dxc5 Ne4
12. Rc1 Qxc5 13. Bd3 dxc4 14. Qxc4 Qxa3 15. O-O Nd6 16. Qd4
Nb5 17. Qxg7 O-O-O 18. Ne5 Rhg8 19. Qf6 Qd6 20. Bxb5 Bxb5
21. c4 Bc6 22. g3 Qd2 23. Nxc6 bxc6 24. Qxf7 1-0

[Event "European Blitz Championship"]
[Site "Katowice POL"]
[Date "2017.12.15"]
[EventDate "2017.12.15"]
[Round "19.97"]
[Result "1/2-1/2"]
[White "Joanna Worek"]
[Black "Jiri Musil"]
[WhiteElo "2292"]
[BlackElo "2182"]
[PlyCount "88"]

1. e4 c5 2. Nf3 Nc6 3. d4 cxd4 4. Nxd4 d5 5. Bb5 dxe4 6. Nxc6
Qxd1+ 7. Kxd1 a6 8. Ba4 Bd7 9. Nc3 Bxc6 10. Bxc6+ bxc6
11. Nxe4 e5 12. Be3 f5 13. Nc3 O-O-O+ 14. Ke2 Nf6 15. Bb6 Rd7
16. Rad1 Bb4 17. Rxd7 Nxd7 18. Na4 Nxb6 19. Nxb6+ Kc7 20. Nc4
e4 21. c3 Bc5 22. b4 Ba7 23. a4 Rd8 24. h4 Rd3 25. Rc1 g6
26. f3 Rd8 27. h5 exf3+ 28. Kxf3 Rd3+ 29. Ke2 Rg3 30. hxg6
Rxg2+ 31. Kf3 Rf2+ 32. Kg3 hxg6 33. Re1 Rc2 34. Re7+ Kd8
35. Rxa7 Rxc3+ 36. Kg2 Rxc4 37. Rxa6 Rxb4 38. Rxc6 Rg4+
39. Kf3 Kd7 40. Ra6 Kc7 41. a5 Kb7 42. Rb6+ Ka7 43. Rf6 Kb7
44. Ke3 Ka7 1/2-1/2

[Event "European Blitz Championship"]
[Site "Katowice POL"]
[Date "2017.12.15"]
[EventDate "2017.12.15"]
[Round "20.97"]
[Result "0-1"]
[White "Jiri Musil"]
[Black "Joanna Worek"]
[WhiteElo "2182"]
[BlackElo "2292"]
[PlyCount "72"]

1. d4 Nf6 2. c4 e6 3. Nf3 c5 4. d5 exd5 5. cxd5 d6 6. Nc3 g6
7. e4 Bg7 8. Bd3 O-O 9. O-O a6 10. a4 b6 11. h3 Ra7 12. Bf4
Re8 13. Re1 Rae7 14. Bh2 c4 15. Bc2 Qc7 16. e5 Nfd7 17. exd6
Rxe1+ 18. Nxe1 Qc5 19. Nf3 Qb4 20. Rb1 Bb7 21. Nd4 Qc5 22. Nf3
Bxc3 23. bxc3 Bxd5 24. Nd4 Nc6 25. Nxc6 Bxc6 26. Bf4 Re6
27. Be3 Rxe3 28. fxe3 Qxe3+ 29. Kh2 Qxc3 30. Qe2 Kg7 31. Rf1
Bd5 32. Be4 Qe5+ 33. g3 Qxe4 34. Qf2 c3 35. Re1 Qc4 36. Re7
Be6 0-1

[Event "European Blitz Championship"]
[Site "Katowice POL"]
[Date "2017.12.15"]
[EventDate "2017.12.15"]
[Round "21.87"]
[Result "1-0"]
[White "Krzysztof Wilk"]
[Black "Joanna Worek"]
[WhiteElo "2125"]
[BlackElo "2292"]
[PlyCount "79"]

1. b4 e5 2. Bb2 d6 3. e3 g6 4. c4 Bg7 5. d4 exd4 6. Bxd4 Nf6
7. Nf3 O-O 8. Nbd2 Nc6 9. Bc3 Re8 10. Be2 Bf5 11. O-O Ne5
12. Nxe5 dxe5 13. Nf3 Ne4 14. Bb2 Qe7 15. a3 Rad8 16. Qb3 Nd2
17. Nxd2 Rxd2 18. Rfe1 Red8 19. Bc3 R2d7 20. Rad1 h5 21. Rxd7
Rxd7 22. Rd1 Rxd1+ 23. Qxd1 Be6 24. Qa4 a6 25. Qa5 Qd6 26. h3
e4 27. b5 axb5 28. Bxg7 Kxg7 29. cxb5 Qc5 30. Qb4 Qxb4
31. axb4 Kf6 32. Kf1 Ke5 33. Ke1 f5 34. g3 Bf7 35. h4 c6
36. Kd2 Bd5 37. Kc3 Be6 38. b6 Bd7 39. Bc4 Be8 40. Ba6 1-0

[Event "European Blitz Championship"]
[Site "Katowice POL"]
[Date "2017.12.15"]
[EventDate "2017.12.15"]
[Round "22.87"]
[Result "0-1"]
[White "Joanna Worek"]
[Black "Krzysztof Wilk"]
[WhiteElo "2292"]
[BlackElo "2125"]
[PlyCount "162"]

1. e4 c6 2. d4 d5 3. e5 Bf5 4. h4 h5 5. Bd3 Bxd3 6. Qxd3 e6
7. Bg5 Qa5+ 8. Nd2 Nd7 9. Nf3 Ne7 10. O-O Nf5 11. c4 Be7
12. a3 Qb6 13. c5 Qa6 14. Qc3 O-O 15. b4 b6 16. cxb6 Nxb6
17. Nb3 Rac8 18. Na5 Bxg5 19. hxg5 Nd7 20. Rac1 Ne7 21. g3 g6
22. Kg2 Kg7 23. Qe3 Nb6 24. Qf4 Nf5 25. Rc3 Nc4 26. Nxc4 dxc4
27. Rfc1 Rfd8 28. Qe4 Rd5 29. Rxc4 Qxa3 30. Rxc6 Rxc6 31. Rxc6
Qxb4 32. Rc7 Qb6 33. Rc4 a5 34. Qc2 Nxd4 35. Nxd4 Rxd4 36. Rc7
Qb5 37. Qc6 Qxe5 38. Ra7 Qd5+ 39. Qxd5 Rxd5 40. f4 Rd2+
41. Kf3 Ra2 42. Ke4 a4 43. Ke5 a3 44. Kd6 h4 45. gxh4 Rf2
46. Rxa3 Rxf4 47. Rh3 Rf5 48. Ke7 Rd5 49. Rf3 Rf5 50. Rh3 Rf4
51. Rh2 e5 52. Kd6 e4 53. Ke5 Rg4 54. Rh3 Kf8 55. Kf6 e3
56. Rxe3 Rxh4 57. Ra3 Rf4+ 58. Ke5 Rf5+ 59. Ke4 Rxg5 60. Kf4
Rf5+ 61. Kg4 Kg7 62. Ra7 Rd5 63. Rb7 Rd4+ 64. Kg5 Rd5+ 65. Kg4
Rf5 66. Kh4 Kh6 67. Rb4 f6 68. Rb8 Rh5+ 69. Kg4 Rg5+ 70. Kh4
Re5 71. Kg4 Re4+ 72. Kg3 f5 73. Kf3 Kg5 74. Rg8 Rb4 75. Ke3
Rb3+ 76. Kd4 Rb1 77. Ke3 Rb3+ 78. Kd4 f4 79. Ke4 Re3+ 80. Kd4
Re6 81. Rf8 Rf6 0-1

[Event "European Rapid Championship"]
[Site "Katowice POL"]
[Date "2017.12.17"]
[EventDate "2017.12.16"]
[Round "7.100"]
[Result "0-1"]
[White "Julia Antolak"]
[Black "Joanna Worek"]
[WhiteElo "2168"]
[BlackElo "2292"]
[PlyCount "74"]

1. e4 c5 2. Nf3 Nc6 3. d4 cxd4 4. Nxd4 g6 5. Nc3 Bg7 6. Be3
Nf6 7. Bc4 O-O 8. Bb3 d6 9. h3 Na5 10. O-O b6 11. f4 Nxb3
12. axb3 Bb7 13. Qf3 Qd7 14. f5 e5 15. Nde2 gxf5 16. Qxf5 Qxf5
17. exf5 d5 18. Nb5 d4 19. Bf2 a5 20. c3 Ba6 21. c4 Bxb5
22. cxb5 Rac8 23. Rac1 Bh6 24. Rxc8 Rxc8 25. Bg3 Rc5 26. b4
Rxb5 27. bxa5 bxa5 28. Bh4 Ne4 29. Nc1 Be3+ 30. Kh1 f6 31. Nd3
Rb3 32. Rd1 Kf7 33. Be1 a4 34. Kh2 Bd2 35. Nf2 Bf4+ 36. Kg1
Be3 37. Kf1 Ng3+ 0-1

[Event "European Rapid Championship"]
[Site "Katowice POL"]
[Date "2017.12.17"]
[EventDate "2017.12.16"]
[Round "8.82"]
[Result "1-0"]
[White "Joanna Worek"]
[Black "Natalie Kanakova"]
[WhiteElo "2292"]
[BlackElo "2238"]
[PlyCount "89"]

1. d4 Nf6 2. c4 e6 3. Nf3 Bb4+ 4. Bd2 Bxd2+ 5. Nbxd2 d5 6. e3
O-O 7. Rc1 Nbd7 8. cxd5 exd5 9. Bd3 c6 10. O-O Re8 11. b4 a6
12. a4 Ne4 13. Nb3 Nd6 14. Qc2 g6 15. Rfe1 Nb6 16. Nbd2 Bf5
17. a5 Bxd3 18. Qxd3 Nbc4 19. h3 Qf6 20. Nxc4 Nxc4 21. Nh2 Qe7
22. Qc3 Nd6 23. Ng4 Ne4 24. Qb2 Kg7 25. f3 Nd6 26. Qc3 h5
27. Ne5 f6 28. Nd3 Rad8 29. Nc5 Qc7 30. Qb2 Nc4 31. Qf2 Re7
32. e4 Qd6 33. exd5 cxd5 34. Rxe7+ Qxe7 35. Re1 Qd6 36. Nxb7
Qc7 37. Nxd8 Qxd8 38. Qe2 Kh6 39. Qe7 Qb8 40. Re6 Qg3 41. Qf8+
Kg5 42. Qxf6+ Kh6 43. Qh8+ Kg5 44. Rxg6+ Kxg6 45. Qg8+ 1-0

[Event "European Rapid Championship"]
[Site "Katowice POL"]
[Date "2017.12.17"]
[EventDate "2017.12.16"]
[Round "9.37"]
[Result "1-0"]
[White "Adrian Mikhalchishin"]
[Black "Joanna Worek"]
[WhiteElo "2544"]
[BlackElo "2334"]
[PlyCount "101"]

1. Nf3 Nf6 2. c4 e6 3. Nc3 c5 4. d4 cxd4 5. Nxd4 Bb4 6. g3 O-O
7. Bg2 Qc7 8. Qb3 Bc5 9. Ndb5 Qd8 10. Na4 Na6 11. Nxc5 Nxc5
12. Qa3 d6 13. Be3 Ng4 14. Bxc5 dxc5 15. Qxc5 Qf6 16. O-O Qxb2
17. h3 Nf6 18. Rfe1 Bd7 19. Bxb7 Rab8 20. Qxa7 Bxb5 21. cxb5
Qxb5 22. Bf3 e5 23. a4 Qb2 24. Bc6 Rbc8 25. Bb5 h5 26. Rab1
Qa2 27. Rbc1 Qd2 28. Qe3 Qxe3 29. fxe3 Ne4 30. Rxc8 Rxc8
31. Ra1 Nc3 32. Kf1 Rb8 33. Rc1 Ne4 34. Kg2 Kf8 35. Rc7 Nd6
36. Bc6 Rb2 37. Rd7 Nc4 38. Kf2 Rb6 39. Bd5 Rf6+ 40. Ke1 Nxe3
41. Bb3 Rb6 42. Rd3 Nf5 43. a5 Ra6 44. Rd5 f6 45. Bc4 Ra7
46. a6 Ne3 47. Rb5 Nxc4 48. Rb8+ Ke7 49. Rb7+ Kd6 50. Rxa7 g5
51. Rf7 1-0

[Event "European Rapid Championship"]
[Site "Katowice POL"]
[Date "2017.12.17"]
[EventDate "2017.12.16"]
[Round "10.80"]
[Result "1/2-1/2"]
[White "Joanna Worek"]
[Black "Robert Weber"]
[WhiteElo "2292"]
[BlackElo "2125"]
[PlyCount "64"]

1. d4 e5 2. dxe5 Nc6 3. Bf4 Qe7 4. Nc3 Qb4 5. Qc1 f6 6. a3 Qc5
7. exf6 Nxf6 8. Qe3+ Qxe3 9. Bxe3 a6 10. Bf4 d6 11. e4 h6
12. Bc4 g5 13. Bg3 Bg7 14. Nge2 b5 15. Bb3 Bb7 16. f3 h5
17. h4 g4 18. O-O-O O-O-O 19. Kb1 Rde8 20. Nf4 gxf3 21. gxf3
Ne5 22. Ne6 Bh6 23. f4 Nc4 24. Bxc4 bxc4 25. Ng5 Bxg5 26. hxg5
Nxe4 27. Nxe4 Bxe4 28. Rhf1 h4 29. Bh2 Bf5 30. Kc1 Re2 31. Rd2
Rhe8 32. Rfd1 h3 1/2-1/2

[Event "European Rapid Championship"]
[Site "Katowice POL"]
[Date "2017.12.17"]
[EventDate "2017.12.16"]
[Round "11.93"]
[Result "0-1"]
[White "Michal Cieslar"]
[Black "Joanna Worek"]
[WhiteElo "2032"]
[BlackElo "2292"]
[PlyCount "42"]

1. e4 c5 2. c4 Nc6 3. g3 g6 4. Bg2 Bg7 5. d3 e6 6. Nc3 Nge7
7. f4 Nd4 8. Nf3 Nec6 9. O-O O-O 10. g4 f5 11. gxf5 exf5
12. exf5 Nxf5 13. Ng5 Bd4+ 14. Kh1 h6 15. Bd5+ Kg7 16. Nge4
Nce7 17. Bd2 d6 18. Nb5 Nxd5 19. Nxd4 Nfe3 20. Qa4 Nxf1
21. Rxf1 Nb6 0-1